000 00967nam a2200217 i 4500
001 160174
003 ES-MaACL
005 20250406001000.0
008 040922s1899 sp |||| | spa d
100 1 _aMorel-Fatio, Alfred.
_983243
245 1 0 _aExtracto del homenaje a Menéndez y Pelayo en el año vigésimo de su profesorado
_b: estudios de erudición española.
260 _aMadrid :
_bLibrería General de Victoriano Suárez,
_c1899.
300 _a39 p. ;
_c24 cm.
505 8 _aContiene: Cartas eruditas del Marqués de Mondéjar y de Etienne Baluze (1679-1690) / Alfredo Morel-Fatio
600 1 4 _aMondéjar, Gaspar Ibáñez de Segovia Peralta y Mendoza,
_cMarqués de,
_d1628-1708
_982141
600 1 4 _aBaluze, Étienne.
_9154566
740 0 2 _aCartas eruditas del Marqués de Mondéjar y de Etienne Baluze (1679-1690)
852 _aES-MaACL
_jT-1346-F-10
_z- Enc. hol.
_z- Enc. en un vol. facticio
942 _2udc
999 _c160174
_d160174